Statistics for 1960s One-Hit Wonders Click Quiz #1

Click here to take the quiz!

General Stats

  • This quiz has been taken 14 times
  • The average score is 8 of 20

Answer Stats

HintAnswer% Correct
Hang on SloopyThe McCoys
71%
Pictures of Matchstick MenThe Status Quo
71%
Green TambourineThe Lemon Pipers
64%
Surfin’ BirdThe Trashmen
64%
Something in the AirThunderclap Newman
64%
Stranger on the ShoreMr. Acker Bilk
57%
Money (That’s What I Want)Barrett Strong
43%
Hey! BabyBruce Channel
43%
Gimme Gimme Good Lovin’Crazy Elephant
43%
98.6Keith
43%
Cool JerkThe Capitols
36%
Liar, LiarThe Castaways
36%
Psychotic ReactionThe Count Five
36%
Reach Out of the DarknessFriend & Lover
29%
We’ll Sing in the SunshineGale Garnett
29%
If You Wanna Be HappyJimmy Soul
29%
Everlasting LoveRobert Knight
29%
I Like It Like That, Part 1Chris Kenner
21%
Sunshine GirlThe Parade
14%
When I DieMotherlode
7%

Score Distribution

Percentile by Number Answered

Percent of People with Each Score

Your Score History

You have not taken this quiz